000 00713nam a22002177a 4500
003 UA-OsUOA
001 69021
007 ta
008 20100531b un ||||| |||| 00| 0 ukr d
100 _aГанначенко С.Л.
090 _a330
_bГ19
942 _cSA
040 _aUA-OsUOA
_bukr
_cUA-OsUOA
_dUA-OsUOA
245 _aМировой рынок агропродовольствия на современном этапе развития: перспективы для Украины
300 _aС.142-154
955 _a0
041 _aukr
080 _a330
773 0 _w69013
_tЕкономіка і прогрнозування
_dК.
_d2010
_g1
650 7 _a330 Економіка взагалі
_2UDC
999 _c355275
_d355275